[Event "GER OL-238 email"]
[Site "GER email"]
[Date "2008.03.16"]
[Round "?"]
[White "Dahm, Winfried Karl"]
[Black "Schmitt, Rainer"]
[Result "1-0"]
[WhiteElo "1857"]
[BlackElo "1640"]
[PlyCount "65"]
[EventDate "2008.??.??"]
[EventType "tourn (corr)"]
[EventRounds "6"]
[EventCountry "GER"]
[SourceTitle "Corr 2011"]
[Source "ChessBase"]
[SourceDate "2010.08.31"]
[SourceVersion "1"]
[SourceVersionDate "2010.08.31"]
[SourceQuality "1"]

1. e4 c5 2. Nf3 d6 3. d4 cxd4 4. Nxd4 Nf6 5. Nc3 g6 6. Be3 Bg7 7. f3 0-0 8. Qd2 Nc6 9. 0-0-0 Nxd4 10. Bxd4 Be6 11. Kb1 Qc7 12. h4 Rfc8 13. h5 Qa5 14. hxg6 hxg6 15. a3 Rab8 16. Bd3 Bc4 17. Bxc4 Rxc4 18. Qc1 e6 19. g4 b5 20. g5 Nh5 21. Bxg7 b4 22. axb4 Rcxb4 23. Nd5 Ra4 24. b3 Kxg7 25. Qb2+ e5 26. Nf6 Nxf6 27. gxf6+ Kg8 28. Rxd6 a6 29. Rd5 Qb6 30. Qxe5 Rb4 31. Rd3 Rb5 32. Qe7 Qa5 33. f4 1-0